Carregando...
Congress and the presidency /
| Autor principal: | |
|---|---|
| Formato: | Printed Book |
| Idioma: | English |
| coleção: | Foundation of modern political science series. Ed by Robert A DahlSecondary collection
|
| LEADER | 00486nam a2200121Ia 4500 | ||
|---|---|---|---|
| 008 | 150624b xxu||||| |||| 00| 0 eng d | ||
| 082 | |a 328.73 | ||
| 100 | |a Polsby, Nelson W. | ||
| 245 | |a Congress and the presidency / |c Nelson W. Polsby | ||
| 490 | |a Foundation of modern political science series. Ed by Robert A DahlSecondary collection | ||
| 942 | |c BK | ||
| 999 | |c 8930 |d 8930 | ||
| 952 | |0 0 |1 0 |4 0 |6 328_730000000000000_POL_C |7 0 |9 8929 |a UL |b UL |c ST1 |d 1998-08-28 |l 0 |o 328.73 POL/C |p 13985 |r 2012-10-27 |w 2012-10-27 |y BK | ||